'Full House' Cast Match Quiz Stats

 Plays Quiz Updated Feb 26, 2016

Challenge
Share
Tweet
Score 0/18 Timer 04:00
4 Plays Today
% Correct
Michelle Tanner
98%
Danny Tanner
97.2%
Jesse Katsopolis
97%
D.J. Tanner
96.2%
Nicky & Alex Katsopolis
96.1%
Stephanie Tanner
94.8%
Joey Gladstone
93.3%
Becky Katsopolis
93.1%
Kimmy Gibbler
89%
% Correct
Steve Hale
71.1%
Teddy
66.2%
Gia Mahan
55%
Claire Tanner
54.5%
Vicky Larson
52.3%
Denise Frazer
41.6%
Nelson Burkhard
41.4%
Derek S. Boyd
37.9%
Aaron Bailey
31.1%

You're not logged in!

Compare scores with friends on all Sporcle quizzes.
Join for Free
OR
Log In

You Might Also Like...

Show Comments

Extras

Top Quizzes Today


Score Distribution

Your Account Isn't Verified!

In order to create a playlist on Sporcle, you need to verify the email address you used during registration. Go to your Sporcle Settings to finish the process.

Report this User

Report this user for behavior that violates our Community Guidelines.

Details: